Statistics for Common Knowledge #9

Click here to take the quiz!

General Stats

  • This quiz has been taken 1,191 times
  • The average score is 15 of 20

Answer Stats

HintAnswer% Correct
How many reindeer does Santa have?8
96%
What kind of alcohol is made from grapes?Wine
95%
In Greek mythology, who has snakes for hair?Medusa
91%
What is the scientific name of the process where plants get their food?Photosynthesis
91%
What plant is known to help heal a sunburn?Aloe
88%
Where is the Golden Gate Bridge located?San Francisco
87%
What does UFO stand for?Unidentified Flying Object
86%
Who was the U.S. President during the 9/11 attacks?George W. Bush
85%
What city is known as the City of Love?Paris
85%
What’s the name of the company that published the Mario Kart video game?Nintendo
84%
Which Disney princess wears a yellow dress?Belle
78%
What did God create with Adam's rib?Eve
73%
Which ocean trench is known to be the deepest?Mariana's Trench
73%
Who painted the ceiling in the Sistine Chapel?Michelangelo
72%
What is the name of the first woman pilot to fly across the Atlantic ocean?Amelia Earhart
68%
What breed of dog is commonly known as a “firehouse dog”?Dalmatian
68%
What does the Roman Numeral “XL” stand for?40
62%
Which jazz singer sings the song “What A Wonderful World”?Louis Armstrong
61%
In the U.S. version of The Office, what is the name of the city they live in?Scranton
52%
What does Folgers sell?Coffee
48%

Score Distribution

Percentile by Number Answered

Percent of People with Each Score

Your Score History

You have not taken this quiz